Automatización del sistema de producción de una planta de matanza y deshuese de ganado bovino

Presenta la automatización del sistema de producción y control de productos terminados de una planta de matanza y deshuese de ganado bovino, esto incluye el establecimiento de un sistema de báscula con interfaces electrónicas que permiten la determinación automática del peso de las reses y pro...

Full description

Bibliographic Details
Main Authors: Simpson Hernández, Gladys, Arcia Izaguirre, Allan
Other Authors: Tutor: Miranda Melania, Rodríguez Raq
Format: Tesis Section = Libro
Language:Undetermined
Spanish
Published: Managua UNI 1996
Subjects:
LEADER 01344nam a2200253Ia 4500
008 240830s9999 xx 000 0 und d
040 |a BIBLIOTECA-RUSB/ Mon 658.14 S613 
041 |a spa 
082 |a Mon 658.14 S613 
100 1 |a Simpson Hernández, Gladys 
100 1 |b Arcia Izaguirre, Allan 
245 1 0 |a Automatización del sistema de producción de una planta de matanza y deshuese de ganado bovino 
260 |a Managua  |b UNI  |c 1996 
300 |a 95 p. :il. 
502 |a Tesis (Ingeniero en Computación) - UNI, 1996. 
520 3 |a Presenta la automatización del sistema de producción y control de productos terminados de una planta de matanza y deshuese de ganado bovino, esto incluye el establecimiento de un sistema de báscula con interfaces electrónicas que permiten la determinación automática del peso de las reses y productos terminados, así como el montaje de un sistema de información para el procesamiento y almacenamiento de los datos relativos al proceso productivo e inventario de productos terminados. 
650 7 |a AUTOMATIZACION - SISTEMA DE PRODUCCION 
650 7 |b  PROCESO DE PRODUCCION - GANADO BOVINO - PLANTA MATANZA 
650 7 |c  CONTROL DE LA PRODUCCION 
650 7 |d  GANADO BOVINO 
700 1 |a Tutor:  |b Miranda Melania, Rodríguez Raq 
942 |c BK  |2 ddc 
991 |a TESIS 
999 |c 20584